মহানায়ক সূর্যসেন ও চট্টগ্রাম বিপ্লব / (Record no. 64880)
[ view plain ]
| 000 -LEADER | |
|---|---|
| fixed length control field | 00917nam a2200229 a 4500 |
| 001 - CONTROL NUMBER | |
| control field | 64880 |
| 003 - CONTROL NUMBER IDENTIFIER | |
| rucl marc code | BD-RjUL |
| 005 - DATE AND TIME OF LATEST TRANSACTION | |
| control field | 20211209081350.0 |
| 008 - FIXED-LENGTH DATA ELEMENTS--GENERAL INFORMATION | |
| fixed length control field | 170223s1969 ii ||||| |||| 00| 0 eng d |
| 035 ## - SYSTEM CONTROL NUMBER | |
| System control number | (BD-RjUL)65010 |
| 040 ## - CATALOGING SOURCE | |
| Original cataloging agency | BD-RjUL |
| Language of cataloging | ben |
| Transcribing agency | BD-RjUL |
| Modifying agency | BD-RjUL |
| 041 ## - LANGUAGE CODE | |
| Language code of text/sound track or separate title | ben |
| 082 ## - DEWEY DECIMAL CLASSIFICATION NUMBER | |
| Edition number | 23 |
| Classification number | 954.92309 |
| Author mark and year | SIS 1969 |
| 100 1# - MAIN ENTRY--PERSONAL NAME | |
| Personal name | সিংহ, অনন্ত |
| 9 (RLIN) | 170404 |
| 245 ## - TITLE STATEMENT | |
| Title | মহানায়ক সূর্যসেন ও চট্টগ্রাম বিপ্লব / |
| Remainder of title | অনন্ত সিংহ |
| 260 ## - PUBLICATION, DISTRIBUTION, ETC. (IMPRINT) | |
| Place of publication, distribution, etc. | কলকাতা : |
| Name of publisher, distributor, etc. | শ্যামচরণ দে, |
| Date of publication, distribution, etc. | ১৯৬৯. |
| 300 ## - PHYSICAL DESCRIPTION | |
| Pagination | খন্ড. ; |
| Size | ২২ সেমি. |
| 505 ## - FORMATTED CONTENTS NOTE | |
| Formatted contents note | খন্ড. ১ -- |
| 651 ## - SUBJECT ADDED ENTRY--GEOGRAPHIC NAME | |
| Geographic name | বাংলাদেশ (চট্টগ্রাম) |
| Form subdivision | ইতিহাস ও সমালোচনা |
| 9 (RLIN) | 192326 |
| Geographic name | Bangladesh (Chittagong) |
| Form subdivision | History and Criticism |
| 9 (RLIN) | 192327 |
| 942 ## - ADDED ENTRY ELEMENTS (KOHA) | |
| Source of classification or shelving scheme | Dewey Decimal Classification |
| Koha item type | Books |
| Lost status | Source of classification or shelving scheme | Damaged status | Not for loan | Collection code | Permanent Location | Current Location | Shelving location | Date acquired | Source of acquisition | Cost, normal purchase price | Total Checkouts | Full call number | Date last seen | Copy number | Koha item type |
|---|---|---|---|---|---|---|---|---|---|---|---|---|---|---|---|
| Dewey Decimal Classification | Not For Loan | Non-fiction | Central Library, University of Rajshahi | Central Library, University of Rajshahi | Reading Room | 23/10/1971 | India Int. Col. | 8.00 | B 954.92309 SIS V-1 1969 | 23/02/2017 | C-1 | Books |